| 000 | 00623nam a2200181 i 4500 | ||
|---|---|---|---|
| 001 | 129448 | ||
| 003 | ES-MaACL | ||
| 005 | 20230906193513.0 | ||
| 007 | t| | ||
| 008 | 070614s1977 sp ||||1| spa d | ||
| 245 | 0 | 3 |
_aEl testamento de Mao y el porvenir del mundo _b: revelaciones a Gérard Boulakian por un guardia de la Ciudad Prohibida / _ctraducción de Margarita Casas Meriz. |
| 250 | _a[1ª ed.]. | ||
| 260 |
_a[Barcelona] : _bPlaza & Janés, _c[1977] |
||
| 300 |
_a191 p. ; _c20 cm. |
||
| 700 | 1 |
_aBoulakian, Gérard. _930894 |
|
| 700 | 1 |
_aCasas Meriz, Margarita. _936229 |
|
| 852 |
_aES-MaACL _jA-6947 _bR.96001 |
||
| 999 |
_c129448 _d129448 |
||